000 01149cam a2200373 4500
999 _c59310
_d59310
003 BJBSDDR
005 20230410121152.0
007 ta
008 070112s2007 fr 000 0 fre d
020 _a2707150797
020 _a9782707150790
035 _a(CaOOAMICUS)000037569505
040 _aCaOOU
_bfre
_cTZT
041 _afre
050 1 4 _aJZ 1242
_bD495s 2007
082 0 0 _a327
100 1 _aDevin, Guillaume,
_d1954-
245 1 0 _aSociologie des relations internationales /
_cGuillaume Devin.
250 _aNouvelle édition.
260 _aParis :
_bDécouverte,
_c2007.
300 _a122 p. ;
_c19 cm.
440 0 _aCollection Reperes ;
_vn. 335
504 _aBibliogr.: p. 107-[114].
650 6 _aRelations internationales
_xAspect sociologique.
650 0 _aInternational relations.
650 0 _aInternational relations
_xSocial aspects.
650 4 _aRelaciones internacionales
_xAspectos sociales.
_9154
650 4 _aSociología política
_92156
650 4 _aPolítica internacional
_xAspectos sociales.
_9265
730 0 _aCollection Reperes
830 0 _914932
_aReperes
942 _2lcc
_cBK
946 _aJaaM